| 000 | 00702cam a2200229 4500 | ||
|---|---|---|---|
| 001 | B3310 | ||
| 008 | 090401t1988 xxu||||| |||| 00| 0 eng d | ||
| 035 | _a(Sirsi) u55238 | ||
| 041 | _aeng | ||
| 050 | _a692.8 | ||
| 110 |
_aJoint Contracts Tribunal _93664 |
||
| 245 | _aStandard form of building contract 1980 edition: practice note 20 : deciding on the appropriate form of JCT main contract | ||
| 250 | _aRevised ed. | ||
| 260 |
_aLondon _bRIBA Publications _c1988 |
||
| 300 | _a12p. ; 30cm. | ||
| 350 | _a3.75 | ||
| 490 |
_aJCT Practice Note _v20 |
||
| 650 | _aBUILT ENVIRONMENT-BUILDING CONTRACT FORMS | ||
| 650 | _aJCT STANDARD FORM OF CONTRACT 1980 | ||
| 942 | _n0 | ||
| 948 | _c04/03/1997 | ||
| 999 |
_c93583 _d93583 |
||